'B' Countries by Length Quiz Stats

 Plays Quiz Updated Jun 28, 2015

Challenge
Share
Tweet
Embed
Score 0/7 Timer 01:00
26 Plays Today
Length Country/Countries % Correct
7Bahamas, Bahrain, Belarus, Belgium, Bolivia, Burundi
94.7%
6Belize, Bhutan, Brazil, Brunei
87.3%
8Barbados, Botswana, Bulgaria
78.5%
5Benin
65.1%
20Bosnia and Herzegovina
54.3%
10Bangladesh
44.4%
11Burkina Faso
34.2%

You're not logged in!

Compare scores with friends on all Sporcle quizzes.
Join for Free
OR
Log In

You Might Also Like...

Show Comments

Extras

Top Quizzes Today


Score Distribution

Your Account Isn't Verified!

In order to create a playlist on Sporcle, you need to verify the email address you used during registration. Go to your Sporcle Settings to finish the process.

Report this User

Report this user for behavior that violates our Community Guidelines.

Details: